00506nam a2200193Ia 4500003000400000005001700004008004100021020002200062040000700084041000800091082002100099100001600120245006000136260004900196300001700245365001400262650001600276650002000292OSt20230623110104.0210423s2009 xx 000 0 und d a978-81-90723-75-6 cAL aeng a664.3 223bNAGO aNAGARAJ (G) aOilseeds: properties processing products and procedures aNew DelhibNew India Publishing Agencyc2009 axiii,601bHB b2180cINR aFats & Oils aFood Technology